Employers's guide (Record no. 498359)

000 -LEADER
fixed length control field 00390cam a22001097a 4500
008 - FIXED-LENGTH DATA ELEMENTS--GENERAL INFORMATION
fixed length control field 180718b1959 xxu||||| |||| 00| 0 eng d
082 ## - DEWEY DECIMAL CLASSIFICATION NUMBER
Classification number U61 ESIC/E
245 ## - TITLE STATEMENT
Title Employers's guide
Statement of responsibility, etc. by Director General Employees State Insurance Corporation
260 ## - PUBLICATION, DISTRIBUTION, ETC.
Place of publication, distribution, etc.
Name of publisher, distributor, etc. Director General Employees State Insurance Corporation
Date of publication, distribution, etc. 1959
300 ## - PHYSICAL DESCRIPTION
Extent 53p.
700 ## - ADDED ENTRY--PERSONAL NAME
Personal name Director General Employees State Corporation
Holdings
Withdrawn status Lost status Damaged status Not for loan Permanent Location Current Location Date acquired Full call number Barcode Date last seen Price effective from Koha item type
        Indian Institute of Public Administration Indian Institute of Public Administration 2018-08-04 U61 ESIC/E GG1364 2018-08-04 2018-08-04 GG
        Indian Institute of Public Administration Indian Institute of Public Administration 2018-08-04 U61 ESIC/E GG1356 2018-08-04 2018-08-04 GG

Powered by Koha